000 00342 a2200157 4500
001 194216
020 _a978-85-322-8600-0
040 _cMagnum
100 _aHugo, Victor
240 1 0 _aOs miseráveis
_lpor
245 1 0 _aOs miseráveis
300 _a243
362 0 _a2013
697 _aLÍNGUA - LINGÜÍSTICA - LITERATURA
942 _cBK
999 _c194216
_d194216